| 000 | 00920nam a2200241Ia 4500 | ||
|---|---|---|---|
| 999 |
_c39439 _d39439 |
||
| 001 | 6030 | ||
| 003 | GE_BSU | ||
| 005 | 20190906105159.0 | ||
| 008 | 181216s1989||||ge |||||||||||||| ||geo|| | ||
| 020 | _a5-525-00173-x | ||
| 040 | _cGE_BSU | ||
| 041 | _ageo | ||
| 080 | _a821.353.1-31 ა-26 | ||
| 100 |
_aადამია, ალიო _93893 |
||
| 245 |
_aდიდი და პატარა ეკატერინე : _bრომანი / _cალიო ადამია ; რედ. ნ. გოგოძე. |
||
| 250 | _aხელმეორე გამოცემა | ||
| 264 |
_aთბილისი : _bნაკადული ; _c1989. |
||
| 300 |
_a317 გვ. ; _c22 სმ. |
||
| 653 | _aდიდი და პატარა ეკატერინე | ||
| 653 | _aრომანი | ||
| 700 |
_aგოგოძე, ნ. _eრედაქტორი _91262 |
||
| 942 |
_cBK _2udc |
||